Città sopra o sotto il Tropico del Cancro? - Quiz n°10 - Statistics

Statistiche generali
  • Questo quiz è stato fatto 6 volte
  • Il punteggio medio è 7 su 10
Statistiche sulle risposte
Hint Risposta % Corretto
Teheran Nord del Tropico del Cancro
100%
Naypyidaw Sud del Tropico del Cancro
100%
Atene Nord del Tropico del Cancro
80%
Katmandu Nord del Tropico del Cancro
80%
Manila Sud del Tropico del Cancro
80%
Lahore Nord del Tropico del Cancro
60%
Orlando Nord del Tropico del Cancro
60%
Belmopan Sud del Tropico del Cancro
60%
Dakar Sud del Tropico del Cancro
40%
Khartoum Sud del Tropico del Cancro
40%
Nessun quiz corrispondente trovato
Distribuzione punteggi
Percentuale di utenti per punteggio
Percentile per numero di risposta
I tuoi punteggi nel tempo
Non hai fatto questo quiz